Top 11 Famous People Born on April 20 - Statistics

General Stats
  • This quiz has been taken 8 times
    3 since last reset
  • The average score is 3 of 11
Answer Stats
Birth Year Person % Correct
1889 Adolf Hitler
100%
1964 Andy Serkis
50%
1949 Jessica Lange
50%
1983 Miranda Kerr
50%
1808 Napoleon III
50%
1937 George Takei
0%
1965 Kevin James
0%
1951 Luther Vandross
0%
1970 Shemar Moore
0%
1945 Steve Spurrier
0%
1923 Tito Poente
0%
No matching quizzes found
Score Distribution
Percent of People with Each Score
Percentile by Number Answered
Your Score History
You have not taken this quiz since the last reset